01130nam a22002537i 450000500170000000800410001702000230005804000250008108200170010610000300012324501240015324600460027725000120032326400480033530000510038333600210043433700250045533800230048052101880050365000300069165000180072170000400073988000970077920200805110039.0200805s2017 ii a|||b |||| 00| 1 tam d cRM12.60qpaperback aPPAKbengcPPAKerda04223a894.81131 aAverenkov, Yuri,eauthor.106880-01 $aaSooriyanai kanda kozhikunchi =bChicken who saw the sun /cYuri Averenkov ; editor: Saravanan Parthasarathy33aCūryyan̲aik kaṇṭa kōl̲ikkuñcu a1st ed. 1aChennai, India :bBooks For Children,c2017 a24 pages :bcolour illustrations ;c18 x 19 cm 2rdacontentatext 2rdamediaaunmediated 2rdacarrieravolume a"For the word of a mother deer unruly young deer, the tragedy illustrates the comics." - Backcover. The little deer in this story realizes what happens when the mother taps the word .10aChildren's stories, Tamil20aTamil fiction1 aParthasarathy, Saravanan, eeditor.106245-01/$1aசூரியனைக் கண்ட கோழிக்குஞ்சு